[Event "DEM U12 2012"]
[Site "Oberhof GER"]
[Date "2012.05.27"]
[Round "2"]
[White "Kololli, Kevin"]
[Black "Kreyssig, Bruno"]
[Result "1/2-1/2"]
[Termination "normal"]
[Board "14"]
[WhiteElo "1767"]
[BlackElo "1741"]
[PlyCount "56"]
[WhiteFideId "12936863"]
[BlackFideId "4692489"]
[EventCountry "GER"]
[EventRounds "11"]
[EventType "swiss"]
[EventDate "2012.05.26"]

1. e4 c5 2. Nf3 Nc6 3. d4 cxd4 4. Nxd4 Nf6 5. Nc3 d6 6. Bc4 e6 7. Be3 Be7 8.
Qe2 Bd7 9. O-O-O a6 10. Rhg1 b5 11. Bd3 Qc7 12. g4 Bc8 13. g5 Nd7 14. Qh5 g6
15. Qe2 Bb7 16. f4 O-O-O 17. Nb3 Nc5 18. Kb1 Nb4 19. Rc1 Kb8 20. Rgd1 Rc8 21.
Qf2 f6 22. Nxc5 dxc5 23. a3 Nxd3 24. cxd3 fxg5 25. fxg5 Rhf8 26. Qg2 Bd6 27. h3
Bf4 28. Qg1 Bxe3 1/2-1/2

[Event "DEM U12 2012"]
[Site "Oberhof GER"]
[Date "2012.05.27"]
[Round "2"]
[White "Schirra, Maurice"]
[Black "Balazs, Balint"]
[Result "1/2-1/2"]
[Termination "normal"]
[Board "15"]
[WhiteElo "1617"]
[BlackElo "1758"]
[PlyCount "210"]
[WhiteFideId "12941115"]
[BlackFideId "12922757"]
[EventCountry "GER"]
[EventRounds "11"]
[EventType "swiss"]
[EventDate "2012.05.26"]

1. e4 e6 2. d4 d5 3. e5 c5 4. c3 Qb6 5. Nf3 Bd7 6. Be2 Bb5 7. O-O Bxe2 8. Qxe2
Qa6 9. Qxa6 Nxa6 10. Bd2 Ne7 11. Na3 Nc6 12. Nc2 Rc8 13. Rac1 Be7 14. Rfd1 Kd7
15. Nfe1 Rc7 16. Nf3 h6 17. g3 Rhc8 18. Na3 Rf8 19. Bf4 cxd4 20. Nb5 Rcc8 21.
cxd4 g5 22. Be3 Nc7 23. Nc3 Na8 24. g4 Nb6 25. b3 Ba3 26. Rb1 a6 27. Bc1 Be7
28. Bb2 f6 29. Rbc1 fxe5 30. Nxe5+ Nxe5 31. dxe5 Rf4 32. h3 Rcf8 33. Rc2 Kd8
34. Re2 Bc5 35. Rf1 Nd7 36. Kg2 Ke7 37. Na4 Bb4 38. a3 Ba5 39. b4 Bc7 40. Rc1
Bb8 41. Nc5 Ba7 42. Rcc2 Nxc5 43. bxc5 Kd7 44. Bc1 R4f7 45. Be3 Kc6 46. Red2
Rc8 47. Rb2 Rfc7 48. Rdc2 Kd7 49. c6+ bxc6 50. Bxa7 Rxa7 51. Rb6 c5 52. Rd6+
Ke7 53. a4 a5 54. Rb6 c4 55. Kf1 Rd7 56. Ke2 Rcc7 57. Rb5 Ra7 58. Kd2 Rdc7 59.
Kc3 Rab7 60. Rcb2 Rxb5 61. Rxb5 Ra7 62. Kd4 Kd7 63. f3 Rc7 64. Kc3 Rc6 65. Rxa5
d4+ 66. Kc2 c3 67. Ra7+ Rc7 68. Ra6 d3+ 69. Kc1 Ke7 70. Rd6 Rd7 71. Rc6 c2 72.
Kd2 Kd8 73. Rc3 Rc7 74. Rxd3+ Kc8 75. Kc1 Rc5 76. Rd2 Rxe5 77. Rxc2+ Kd7 78.
Kd2 Ra5 79. Ra2 Kd6 80. Kc3 Kc5 81. Ra1 Ra6 82. Kd3 Ra5 83. Re1 Kd5 84. Re4 e5
85. Kc3 Kc6 86. Kc4 Rxa4+ 87. Kd3 Ra3+ 88. Ke2 Kd5 89. Kf2 Ra2+ 90. Kg3 Ra3 91.
Kf2 Ra2+ 92. Kg3 Ra3 93. Kf2 Ke6 94. Kg2 Ra2+ 95. Kg3 Kd5 96. h4 gxh4+ 97. Kxh4
Ke6 98. Kg3 Kf6 99. Kh3 Rd2 100. Kg3 Rb2 101. Kh3 Rc2 102. Kg3 Rd2 103. Kh3 Rd5
104. Kh4 Rd1 105. Kg3 Rd2 1/2-1/2

[Event "DEM U12 2012"]
[Site "Oberhof GER"]
[Date "2012.05.27"]
[Round "2"]
[White "Müller, Elias"]
[Black "Rätzke von Stoyentin, Steffen"]
[Result "0-1"]
[Termination "normal"]
[Board "16"]
[WhiteElo "1703"]
[BlackElo "1741"]
[PlyCount "84"]
[WhiteFideId "12917133"]
[BlackFideId "12907502"]
[EventCountry "GER"]
[EventRounds "11"]
[EventType "swiss"]
[EventDate "2012.05.26"]

1. e4 d6 2. d4 Nf6 3. Nc3 e5 4. dxe5 dxe5 5. Qxd8+ Kxd8 6. Bg5 Be6 7. O-O-O+
Kc8 8. Nf3 Nbd7 9. Bxf6 gxf6 10. Be2 Bc5 11. Rhf1 Rg8 12. Nh4 c6 13. Kb1 Kc7
14. f4 Nb6 15. f5 Bc4 16. h3 Bd4 17. b3 Bxb3 18. Nb5+ cxb5 19. cxb3 b4 20. Bh5
Rg7 21. Rc1+ Bc3 22. Rfd1 Rd8 23. Rxd8 Kxd8 24. Rc2 Ke7 25. a3 a5 26. Be2 Rg3
27. axb4 axb4 28. Bf3 Rg8 29. g4 Ra8 30. Ra2 Ra3 31. Rxa3 bxa3 32. Ng2 Nc8 33.
Ne3 Kf8 34. Nd5 Bd4 35. Nxf6 Na7 36. Nxh7+ Kg7 37. Ka2 Bb2 38. Ng5 Nc6 39. Nxf7
Nb4+ 40. Kb1 Bd4 41. g5 a2+ 42. Kc1 a1=Q+ 0-1

[Event "DEM U12 2012"]
[Site "Oberhof GER"]
[Date "2012.05.27"]
[Round "2"]
[White "Kololli, Martin"]
[Black "Hoppe, Andreas"]
[Result "1-0"]
[Termination "normal"]
[Board "17"]
[WhiteElo "1739"]
[BlackElo "1743"]
[PlyCount "47"]
[WhiteFideId "12936910"]
[BlackFideId "12922811"]
[EventCountry "GER"]
[EventRounds "11"]
[EventType "swiss"]
[EventDate "2012.05.26"]

1. e4 e6 2. d4 d5 3. exd5 exd5 4. c4 Nf6 5. Nc3 c6 6. Bd3 Bb4 7. Nge2 O-O 8.
O-O Ba5 9. Bf4 dxc4 10. Bxc4 Bb6 11. Qb3 Bc7 12. Bxc7 Qxc7 13. Rac1 Qb6 14. Qc2
Bg4 15. f3 Bh5 16. Rfd1 Nbd7 17. Nf4 Bg6 18. Nxg6 hxg6 19. Kh1 Kh7 20. Ne4 Rae8
21. Ng5+ Kh8 22. Bxf7 Re7 23. Bxg6 Rd8 24. Nf7+ 1-0

[Event "DEM U12 2012"]
[Site "Oberhof GER"]
[Date "2012.05.27"]
[Round "2"]
[White "Nguyen, Huy Dat"]
[Black "Kuhn, Magnus"]
[Result "1/2-1/2"]
[Termination "normal"]
[Board "18"]
[WhiteElo "1764"]
[BlackElo "1658"]
[PlyCount "63"]
[WhiteFideId "12923486"]
[BlackFideId "12926345"]
[EventCountry "GER"]
[EventRounds "11"]
[EventType "swiss"]
[EventDate "2012.05.26"]

1. c4 c5 2. Nc3 Nc6 3. g3 e5 4. Bg2 d6 5. d3 Nf6 6. e3 Be7 7. Nge2 O-O 8. O-O
Bf5 9. a3 Re8 10. f4 Qd7 11. e4 Bh3 12. f5 Bxg2 13. Kxg2 Nd4 14. h3 Rec8 15. g4
Ne8 16. Nd5 Nxe2 17. Qxe2 f6 18. h4 Nc7 19. Nxe7+ Qxe7 20. g5 Ne8 21. Be3 Rcb8
22. Rh1 Kh8 23. Rag1 Nc7 24. Kf2 Rg8 25. Qh5 g6 26. Qf3 Raf8 27. gxf6 Qxf6 28.
Bg5 Qf7 29. f6 Ne6 30. Ke3 Nd4 31. Qf2 Re8 32. Bh6 1/2-1/2

[Event "DEM U12 2012"]
[Site "Oberhof GER"]
[Date "2012.05.27"]
[Round "2"]
[White "Simon, Tessa"]
[Black "Martin, Julian"]
[Result "0-1"]
[Termination "normal"]
[Board "19"]
[WhiteElo "1438"]
[BlackElo "1627"]
[PlyCount "170"]
[WhiteFideId "12929395"]
[BlackFideId "12941000"]
[EventCountry "GER"]
[EventRounds "11"]
[EventType "swiss"]
[EventDate "2012.05.26"]

1. e4 e5 2. Nf3 Nc6 3. Bb5 a6 4. Ba4 Nf6 5. d3 b5 6. Bb3 Bc5 7. c3 d6 8. Nbd2
O-O 9. Nf1 Bg4 10. Ne3 Be6 11. Bc2 d5 12. O-O h6 13. h3 Qd7 14. Nh2 Rad8 15.
Neg4 Nxg4 16. Nxg4 Bxg4 17. hxg4 dxe4 18. dxe4 Qe6 19. Qe2 Be7 20. g3 Rd6 21.
Kg2 Qd7 22. Be3 Rg6 23. f3 Bg5 24. Bc5 Re8 25. Rad1 Qc8 26. Rh1 Nd8 27. Be3 Ne6
28. Bb3 Nf8 29. Bxg5 Rxg5 30. Rh5 Rxh5 31. gxh5 Rd8 32. Rxd8 Qxd8 33. Bd5 Nd7
34. b4 Nf6 35. c4 Nxh5 36. cxb5 axb5 37. f4 Nf6 38. Qxb5 exf4 39. gxf4 Qc8 40.
f5 Nxd5 41. Qxd5 c6 42. Qc5 Qa6 43. Qc2 Qa3 44. Qd2 Qa7 45. Kf3 Qa3+ 46. Ke2
Qa6+ 47. Ke1 Qc4 48. Qd8+ Kh7 49. Qe7 Qxa2 50. Kf1 Qc4+ 51. Kf2 Qd4+ 52. Kf1
Qf6 53. Qc5 Qa1+ 54. Kf2 Qf6 55. Ke3 h5 56. Kf2 Qh4+ 57. Ke3 Qg3+ 58. Ke2 Qg2+
59. Kd3 Qf3+ 60. Kd4 Qf2+ 61. Kc4 Qxc5+ 62. Kxc5 f6 63. Kxc6 h4 64. b5 h3 65.
b6 h2 66. b7 h1=Q 67. b8=Q Qxe4+ 68. Kd7 Qxf5+ 69. Kc6 Qe4+ 70. Kd7 Qd5+ 71.
Qd6 Qxd6+ 72. Kxd6 g5 73. Kd5 g4 74. Ke4 f5+ 75. Kf4 Kg6 76. Kg3 Kg5 77. Kg2 f4
78. Kf2 Kh4 79. Kg2 f3+ 80. Kh2 g3+ 81. Kg1 Kh3 82. Kh1 g2+ 83. Kg1 f2+ 84.
Kxf2 Kh2 85. Ke3 g1=Q+ 0-1

[Event "DEM U12 2012"]
[Site "Oberhof GER"]
[Date "2012.05.27"]
[Round "2"]
[White "Rogozenco, Teodora"]
[Black "Muckle, Julius"]
[Result "0-1"]
[Termination "normal"]
[Board "20"]
[WhiteElo "1651"]
[BlackElo "1541"]
[PlyCount "70"]
[WhiteFideId "12938084"]
[BlackFideId "12942430"]
[EventCountry "GER"]
[EventRounds "11"]
[EventType "swiss"]
[EventDate "2012.05.26"]

1. d4 d5 2. Nf3 c6 3. c4 Nf6 4. Nc3 e6 5. cxd5 cxd5 6. Bf4 Bd6 7. Bg3 O-O 8. e3
a6 9. Bd3 Nc6 10. O-O Bxg3 11. hxg3 b5 12. Qe2 Bb7 13. Rac1 Rc8 14. Bb1 Re8 15.
Rfd1 Qa5 16. Qe1 e5 17. dxe5 Nxe5 18. Nxe5 Rxe5 19. Ne2 Qxe1+ 20. Rxe1 Ree8 21.
Bf5 Rcd8 22. Nd4 Bc8 23. Bd3 Bb7 24. Rc7 Rd7 25. Rec1 Ree7 26. R7c2 g6 27. Nc6
Re8 28. Na5 Ba8 29. Rc7 Rde7 30. Kf1 Kg7 31. b3 Ng4 32. a4 bxa4 33. bxa4 Re6
34. Ra7 Rf6 35. Rc2 Nxe3+ 0-1

[Event "DEM U12 2012"]
[Site "Oberhof GER"]
[Date "2012.05.27"]
[Round "2"]
[White "Wachsmann, Dietmar"]
[Black "Krüger, David"]
[Result "1-0"]
[Termination "normal"]
[Board "21"]
[WhiteElo "1405"]
[BlackElo "1762"]
[PlyCount "79"]
[WhiteFideId "12917168"]
[BlackFideId "12921858"]
[EventCountry "GER"]
[EventRounds "11"]
[EventType "swiss"]
[EventDate "2012.05.26"]

1. e4 e5 2. Nf3 Nc6 3. Nc3 Bc5 4. Bc4 Nf6 5. d3 d6 6. O-O Be6 7. Bb3 h6 8. Be3
Bb6 9. h3 Qd7 10. Re1 Nd4 11. Bxd4 exd4 12. Ne2 c5 13. e5 Nd5 14. c4 dxc3 15.
Ba4 cxb2 16. Bxd7+ Kxd7 17. Rb1 Nb4 18. Rxb2 Rhd8 19. exd6 Kxd6 20. a3 Nc6 21.
Nc3 Ba5 22. Ne4+ Kc7 23. Rf1 c4 24. Nc5 b6 25. Nxe6+ fxe6 26. d4 Bc3 27. Rc2
Bxd4 28. Nxd4 Rxd4 29. Qe2 Rd6 30. Rxc4 Rad8 31. Rfc1 Kb7 32. Qf3 Rc8 33. a4
Rc7 34. Qb3 Rcd7 35. Qf3 Rc7 36. Rd1 Rxd1+ 37. Qxd1 e5 38. Qd5 h5 39. Qb5 a6
40. Qd5 1-0

[Event "DEM U12 2012"]
[Site "Oberhof GER"]
[Date "2012.05.27"]
[Round "2"]
[White "Laubrock, Paul"]
[Black "Wiesner, Alexander"]
[Result "1-0"]
[Termination "normal"]
[Board "22"]
[WhiteElo "1648"]
[BlackElo "1474"]
[PlyCount "95"]
[WhiteFideId "1270509"]
[BlackFideId "12943991"]
[EventCountry "GER"]
[EventRounds "11"]
[EventType "swiss"]
[EventDate "2012.05.26"]

1. e4 c5 2. Nf3 Nc6 3. d4 cxd4 4. Nxd4 e5 5. Nb5 a6 6. Nd6+ Bxd6 7. Qxd6 Qf6 8.
Qxf6 Nxf6 9. Nc3 d6 10. Bc4 Ke7 11. Bg5 Be6 12. Nd5+ Bxd5 13. Bxd5 h6 14. Bxf6+
gxf6 15. O-O-O Rhg8 16. g3 Rac8 17. c3 Rg5 18. h4 Rgg8 19. Rd2 b5 20. Rhd1 Rgd8
21. Kb1 Rc7 22. Rd3 a5 23. Rf3 b4 24. b3 Rdc8 25. Bxc6 Rxc6 26. c4 h5 27. Kb2
a4 28. Rd5 a3+ 29. Kb1 Rb6 30. Ra5 Rbb8 31. Rd3 Rc5 32. Rd5 Rxa5 33. Rxa5 Ke6
34. Ra7 Rb6 35. Kc2 Rb8 36. Kd3 Rb6 37. Ra5 f5 38. exf5+ Kxf5 39. Rb5 Rxb5 40.
cxb5 Ke6 41. Kc4 d5+ 42. Kxb4 Kd6 43. Kxa3 Kc5 44. Kb2 Kxb5 45. Kc3 d4+ 46. Kd3
Kb4 47. g4 e4+ 48. Kxd4 1-0

[Event "DEM U12 2012"]
[Site "Oberhof GER"]
[Date "2012.05.27"]
[Round "2"]
[White "Lai Hop, Long"]
[Black "Lagunow, Raphael"]
[Result "0-1"]
[Termination "normal"]
[Board "23"]
[WhiteElo "1331"]
[BlackElo "1860"]
[PlyCount "72"]
[WhiteFideId "12942707"]
[BlackFideId "24652644"]
[EventCountry "GER"]
[EventRounds "11"]
[EventType "swiss"]
[EventDate "2012.05.26"]

1. e4 c5 2. c3 Nf6 3. e5 Nd5 4. d4 cxd4 5. Nf3 Nc6 6. cxd4 d6 7. Bc4 Nb6 8. Bb3
g6 9. O-O Bg7 10. exd6 Qxd6 11. Be3 O-O 12. Qd2 Bg4 13. Bd1 Rfd8 14. Na3 a6 15.
Nc2 Rac8 16. h3 Nc4 17. Qc3 Nxe3 18. Qxe3 Bf5 19. Rc1 Bxc2 20. Bxc2 Bxd4 21.
Nxd4 Qxd4 22. Qxd4 Nxd4 23. Bd3 e5 24. Rfe1 f6 25. Rxc8 Rxc8 26. Be4 b5 27. Bb7
Rc2 28. Bxa6 Rxb2 29. a3 Kf8 30. Bb7 Ra2 31. Re3 Nc2 32. Rc3 Nxa3 33. Rc8+ Ke7
34. Rc7+ Ke6 35. Rxh7 b4 36. Rf7 Ra1+ 0-1

[Event "DEM U12 2012"]
[Site "Oberhof GER"]
[Date "2012.05.27"]
[Round "2"]
[White "Sieber, Fiona"]
[Black "Müller, Sophie"]
[Result "1-0"]
[Termination "normal"]
[Board "24"]
[WhiteElo "1771"]
[BlackElo "1435"]
[PlyCount "41"]
[WhiteFideId "12902373"]
[BlackFideId "12926698"]
[EventCountry "GER"]
[EventRounds "11"]
[EventType "swiss"]
[EventDate "2012.05.26"]

1. e4 e6 2. d4 d5 3. Nc3 dxe4 4. Nxe4 Nd7 5. Nf3 Ngf6 6. Bd3 Nxe4 7. Bxe4 Nf6
8. Bg5 Be7 9. Bxf6 Bxf6 10. Qd3 h6 11. O-O-O Rb8 12. Qa3 a6 13. Ne5 Bxe5 14.
dxe5 Qg5+ 15. Kb1 Qxe5 16. Rhe1 Qb5 17. Qg3 Qb6 18. Qxg7 Rf8 19. Rd8+ Kxd8 20.
Qxf8+ Kd7 21. Rd1+ 1-0

[Event "DEM U12 2012"]
[Site "Oberhof GER"]
[Date "2012.05.27"]
[Round "2"]
[White "Bergauz, Noam"]
[Black "Fromm, Katja"]
[Result "1-0"]
[Termination "normal"]
[Board "25"]
[WhiteElo "1865"]
[BlackElo "1367"]
[PlyCount "91"]
[WhiteFideId "12938033"]
[BlackFideId "12929409"]
[EventCountry "GER"]
[EventRounds "11"]
[EventType "swiss"]
[EventDate "2012.05.26"]

1. e4 c6 2. d4 d5 3. Nc3 dxe4 4. Nxe4 Bf5 5. Ng3 Bg6 6. Nf3 Nd7 7. h4 h6 8. h5
Bh7 9. Bd3 Bxd3 10. Qxd3 Ngf6 11. Bf4 e6 12. O-O-O Be7 13. Ne4 Nxe4 14. Qxe4
Nf6 15. Qe2 Qd5 16. Kb1 Nxh5 17. Bc1 Nf6 18. Rhe1 O-O-O 19. Ne5 Rhf8 20. f3 Nd7
21. c4 Qa5 22. Bd2 Qc7 23. Ng4 Nf6 24. Ne5 Rxd4 25. Nxf7 Rxd2 26. Rxd2 Bb4 27.
Ne5 Qa5 28. Rdd1 Bxe1 29. Rxe1 Qc5 30. b3 Rd8 31. Nf7 Qf5+ 32. Kb2 Rd7 33. Ne5
Rd8 34. g4 Qf4 35. Kc2 Nd7 36. Nd3 Qf6 37. f4 Re8 38. a4 b6 39. Qe4 Kc7 40. Nb4
e5 41. Nd3 Kd6 42. fxe5+ Nxe5 43. Qd4+ Kc7 44. Nxe5 c5 45. Qd7+ Kb8 46. Nc6+
1-0

[Event "DEM U12 2012"]
[Site "Oberhof GER"]
[Date "2012.05.27"]
[Round "2"]
[White "Nothnagel, Marian Can"]
[Black "Junk, Phillip"]
[Result "1-0"]
[Termination "normal"]
[Board "26"]
[WhiteElo "1723"]
[BlackElo "1443"]
[PlyCount "119"]
[WhiteFideId "12921530"]
[BlackFideId "12952095"]
[EventCountry "GER"]
[EventRounds "11"]
[EventType "swiss"]
[EventDate "2012.05.26"]

1. e4 e5 2. Nf3 Nc6 3. Bc4 Bc5 4. O-O d6 5. h3 Nf6 6. Nc3 O-O 7. d3 h6 8. Be3
Bxe3 9. fxe3 Be6 10. Bb3 Bxb3 11. axb3 d5 12. exd5 Nxd5 13. Qe2 Re8 14. Nd2 Rf8
15. Qf3 Ncb4 16. Nxd5 Qxd5 17. Qxd5 Nxd5 18. Kf2 Rad8 19. Rxa7 Rb8 20. Ke2 Nb4
21. Ra4 c5 22. c3 b5 23. Raa1 Nd5 24. g3 Rfe8 25. e4 Nf6 26. Ra7 c4 27. bxc4
bxc4 28. Nxc4 Rec8 29. b4 Nxe4 30. dxe4 Rxc4 31. Kd3 Rbc8 32. Rc1 Rxb4 33. cxb4
Rxc1 34. b5 Rb1 35. Kc4 f5 36. exf5 e4 37. Rb7 Kf8 38. b6 e3 39. Kd3 Rb3+ 40.
Ke2 Kg8 41. g4 Kf8 42. Rb8+ Kf7 43. b7 Ke7 44. Rg8 Rb2+ 45. Kxe3 Rb3+ 46. Kd2
Rxb7 47. Rxg7+ Kf6 48. Rxb7 Kg5 49. Rb6 h5 50. gxh5 Kxh5 51. f6 Kg6 52. f7+
Kxf7 53. Kc3 Kg7 54. Kd4 Kh8 55. Rb7 Kg8 56. Ke5 Kf8 57. Ke6 Kg8 58. Kf6 Kh8
59. Kg6 Kg8 60. Rb8# 1-0

[Event "DEM U12 2012"]
[Site "Oberhof GER"]
[Date "2012.05.27"]
[Round "2"]
[White "Denkert, Anna"]
[Black "Hartmann, Martin"]
[Result "0-1"]
[Termination "normal"]
[Board "27"]
[WhiteElo "1519"]
[BlackElo "1728"]
[PlyCount "74"]
[WhiteFideId "12938122"]
[BlackFideId "12911925"]
[EventCountry "GER"]
[EventRounds "11"]
[EventType "swiss"]
[EventDate "2012.05.26"]

1. e4 d5 2. exd5 Qxd5 3. Nf3 Nf6 4. d4 Bg4 5. Be2 e6 6. c4 Qd8 7. Be3 Be7 8.
O-O Nbd7 9. Nbd2 O-O 10. h3 Bf5 11. Ne5 Rc8 12. Qb3 Rb8 13. Nxd7 Qxd7 14. d5
exd5 15. Bxa7 dxc4 16. Nxc4 Ra8 17. Qxb7 Be4 18. Qa6 Bc5 19. Ne5 Qf5 20. Bxc5
Rxa6 21. Bxf8 Re6 22. Ng4 Kxf8 23. Rad1 Bxg2 24. Kxg2 Rxe2 25. Nxf6 Qxf6 26. a4
Qxb2 27. a5 Qb7+ 28. Kg3 c5 29. Ra1 Re6 30. Rfb1 Rg6+ 31. Kf4 Rf6+ 32. Ke3 Qf3+
33. Kd2 Rd6+ 34. Kc2 Qe2+ 35. Kc3 Qd3+ 36. Kb2 Qd2+ 37. Kb3 Qb4+ 0-1

[Event "DEM U12 2012"]
[Site "Oberhof GER"]
[Date "2012.05.27"]
[Round "2"]
[White "Greßmann, Moritz"]
[Black "Edelmann, Jonas"]
[Result "1-0"]
[Termination "normal"]
[Board "28"]
[WhiteElo "1821"]
[BlackElo "1289"]
[PlyCount "73"]
[WhiteFideId "24695084"]
[EventCountry "GER"]
[EventRounds "11"]
[EventType "swiss"]
[EventDate "2012.05.26"]

1. e4 c5 2. Nf3 e6 3. d4 cxd4 4. Nxd4 a6 5. Be2 b5 6. O-O Bb7 7. Bf3 d6 8. g3
Nf6 9. Re1 Nbd7 10. Bg2 Be7 11. e5 Bxg2 12. exf6 Nxf6 13. Kxg2 O-O 14. Nc6 Qc7
15. Nxe7+ Qxe7 16. Bg5 Qb7+ 17. Qf3 Qxf3+ 18. Kxf3 Nd5 19. a4 Nb4 20. Na3 bxa4
21. c3 Nd3 22. Re2 f6 23. Be3 Rab8 24. Nc4 d5 25. Nb6 Rb7 26. Rxa4 Rfb8 27.
Rxa6 Ne5+ 28. Kg2 Ng4 29. Bc5 Ne5 30. b4 Nd3 31. Rxe6 Nxc5 32. bxc5 Kf7 33. Rd6
Ke7 34. Nxd5+ Ke8 35. c6 Rb5 36. Nc7+ Ke7 37. Rd7+ 1-0

[Event "DEM U12 2012"]
[Site "Oberhof GER"]
[Date "2012.05.27"]
[Round "2"]
[White "Du, Katharina"]
[Black "Graf, Clara Victoria"]
[Result "0-1"]
[Termination "normal"]
[Board "29"]
[WhiteElo "1275"]
[BlackElo "1727"]
[PlyCount "98"]
[WhiteFideId "12945757"]
[BlackFideId "1270339"]
[EventCountry "GER"]
[EventRounds "11"]
[EventType "swiss"]
[EventDate "2012.05.26"]

1. e4 c5 2. Nf3 a6 3. d4 cxd4 4. Nxd4 Nf6 5. Nc3 e5 6. Nf3 Nc6 7. Bg5 Bb4 8.
Qd3 O-O 9. Be2 h6 10. Bh4 Bxc3+ 11. bxc3 b5 12. O-O Qe7 13. a3 Qe6 14. Bxf6
Qxf6 15. c4 b4 16. Qd5 bxa3 17. Rxa3 Rd8 18. Rb1 a5 19. c5 Ra7 20. Rb6 Qf4 21.
Ra1 Bb7 22. Bd3 Ba8 23. Qb3 h5 24. h3 g5 25. Bb5 g4 26. Bxc6 Bxc6 27. Rb8 Ra8
28. Rxd8+ Rxd8 29. hxg4 hxg4 30. Nh2 Qxe4 31. Qg3 f5 32. Rxa5 Qe1+ 33. Nf1 Qxa5
34. Qb3+ Kg7 35. Qe3 Kg6 36. Qxe5 Rf8 37. Qd6+ Rf6 38. Qd4 Qe1 39. Qc4 Qe6 40.
Qf4 Qe4 41. Qg3 Qxc2 42. Qh4 Qxc5 43. Qh2 Qd5 44. Qg3 Qe4 45. Qh2 d5 46. Qh8
Qe6 47. Qd8 d4 48. Qh8 d3 49. Qd8 Qd5 0-1

[Event "DEM U12 2012"]
[Site "Oberhof GER"]
[Date "2012.05.27"]
[Round "2"]
[White "Usczeck, Alina"]
[Black "Buckels, Valentin"]
[Result "1-0"]
[Termination "normal"]
[Board "30"]
[WhiteElo "1255"]
[BlackElo "1805"]
[PlyCount "119"]
[WhiteFideId "12938114"]
[BlackFideId "12942766"]
[EventCountry "GER"]
[EventRounds "11"]
[EventType "swiss"]
[EventDate "2012.05.26"]

1. e4 e5 2. Nf3 Nc6 3. d4 exd4 4. Nxd4 Bc5 5. Be3 Be7 6. Bc4 Ne5 7. Bb3 d6 8.
Nd2 Bf6 9. h3 Ne7 10. c3 Nd3+ 11. Ke2 Nc5 12. Bc4 c6 13. N4b3 Nd7 14. Nf3 Qc7
15. Re1 b5 16. Bd3 Rb8 17. Qc2 c5 18. c4 bxc4 19. Bxc4 a5 20. Rab1 Bb7 21. Red1
Nc6 22. Bf4 Nde5 23. Nbd2 O-O 24. Kf1 Nb4 25. Qb3 Bc6 26. Nxe5 Bxe5 27. Bxe5
dxe5 28. Qe3 Bb7 29. Rbc1 Rbc8 30. a3 Na6 31. Kg1 Qb6 32. Bxa6 Bxa6 33. Nb3 Rb8
34. Nxc5 Bc8 35. Rc2 Qg6 36. Qc3 f6 37. Kh2 Qh5 38. Rdd2 Qh4 39. Qxa5 Qf4+ 40.
Kg1 Kh8 41. Rd8 Bxh3 42. Rxf8+ Rxf8 43. gxh3 Qg5+ 44. Kf1 Qh5 45. Qc3 Qd1+ 46.
Kg2 h6 47. Rd2 Qh5 48. b4 Qg5+ 49. Kf1 Qg6 50. b5 Qe8 51. b6 Qb5+ 52. Kg2 Rb8
53. Rb2 Qc6 54. b7 Kh7 55. a4 Kg6 56. a5 Kh7 57. a6 Qe8 58. a7 Qg6+ 59. Kf1 Qe8
60. axb8=Q 1-0

[Event "DEM U12 2012"]
[Site "Oberhof GER"]
[Date "2012.05.27"]
[Round "2"]
[White "Sanati, Charlotte"]
[Black "Steffens, Oliver"]
[Result "1-0"]
[Termination "normal"]
[Board "31"]
[WhiteElo "1644"]
[BlackElo "1262"]
[PlyCount "59"]
[WhiteFideId "12907707"]
[BlackFideId "12947148"]
[EventCountry "GER"]
[EventRounds "11"]
[EventType "swiss"]
[EventDate "2012.05.26"]

1. e4 c5 2. Nc3 Nc6 3. f4 d6 4. Nf3 g6 5. Bb5 Bd7 6. O-O Bg7 7. d3 a6 8. Bxc6
Bxc6 9. Qe1 Nf6 10. Qh4 b5 11. a3 Qa5 12. Bd2 Qb6 13. Kh1 a5 14. Ne2 c4 15.
Rac1 Nd7 16. Bc3 e5 17. fxe5 Nxe5 18. Bxe5 dxe5 19. Ng5 f6 20. Ne6 Qb7 21.
Nxg7+ Qxg7 22. Rxf6 Qe7 23. Qf2 Rf8 24. Rxf8+ Qxf8 25. Qb6 Qd6 26. Rf1 Ke7 27.
Qf2 Kd7 28. dxc4 Bxe4 29. Qf7+ Qe7 30. Rd1+ 1-0

[Event "DEM U12 2012"]
[Site "Oberhof GER"]
[Date "2012.05.27"]
[Round "2"]
[White "Nguyen, Ha Thanh"]
[Black "Diener, Carolin Valeria"]
[Result "0-1"]
[Termination "normal"]
[Board "32"]
[WhiteElo "1199"]
[BlackElo "1745"]
[PlyCount "152"]
[WhiteFideId "12942154"]
[BlackFideId "24699063"]
[EventCountry "GER"]
[EventRounds "11"]
[EventType "swiss"]
[EventDate "2012.05.26"]

1. e4 e5 2. Nf3 Nc6 3. Bc4 Nf6 4. d3 Be7 5. O-O d6 6. c3 O-O 7. h3 Bd7 8. Bb3
h6 9. Nbd2 Nh7 10. Re1 Ng5 11. Nf1 Kh8 12. Ng3 Be6 13. Bc2 Bf6 14. Qe2 d5 15.
exd5 Nxf3+ 16. Qxf3 Bxd5 17. Qe2 Ne7 18. d4 exd4 19. cxd4 Nc6 20. Qd3 g6 21.
Bxh6 Rg8 22. Nh5 Bxd4 23. Nf4 Kh7 24. Nxd5 Qxd5 25. Be3 Rad8 26. Bxd4 Qxd4 27.
Qxd4 Rxd4 28. Bb3 Kg7 29. Red1 Rgd8 30. Rxd4 Rxd4 31. Kf1 Rd2 32. Rb1 Ne5 33.
Ke1 Rd6 34. Ke2 c5 35. Rc1 b6 36. Ke3 Rd4 37. Rc3 f5 38. g3 Re4+ 39. Kd2 a6 40.
Re3 Rxe3 41. Kxe3 c4 42. Bc2 Nc6 43. a3 Kf6 44. g4 fxg4 45. hxg4 Ne5 46. f3 g5
47. Ke4 Ke6 48. Bd1 Nd3 49. b3 Nf2+ 50. Kd4 Nxd1 51. Kxc4 Ke5 52. b4 Kf4 53. b5
Ne3+ 54. Kd4 a5 55. a4 Kxf3 56. Ke5 Kxg4 57. Kd6 Kf4 58. Kc6 Nc4 59. Kd5 Nb2
60. Kd4 Nxa4 61. Kd3 Kf3 62. Kc2 g4 63. Kb3 Nc5+ 64. Kc4 g3 65. Kd5 g2 66. Kc6
g1=Q 67. Kxb6 Nb3+ 68. Kc6 Qc5+ 69. Kd7 Qb6 70. Ke7 Nd4 71. Kd7 Qe6+ 72. Kc7
Nxb5+ 73. Kb7 Qd6 74. Ka8 Qa6+ 75. Kb8 Qa7+ 76. Kc8 Qc7# 0-1

[Event "DEM U12 2012"]
[Site "Oberhof GER"]
[Date "2012.05.27"]
[Round "2"]
[White "Riegel, Arinna"]
[Black "Moses, Selina"]
[Result "0-1"]
[Termination "normal"]
[Board "33"]
[WhiteElo "1161"]
[BlackElo "1677"]
[PlyCount "72"]
[WhiteFideId "12931446"]
[BlackFideId "12908070"]
[EventCountry "GER"]
[EventRounds "11"]
[EventType "swiss"]
[EventDate "2012.05.26"]

1. e4 c5 2. Nf3 d6 3. d4 cxd4 4. Nxd4 Nf6 5. Nc3 a6 6. Bg5 Nbd7 7. Bc4 b5 8.
Bd5 Nxd5 9. Nxd5 Bb7 10. Nb3 h6 11. Bh4 g5 12. Bg3 e6 13. Nc3 Nf6 14. f3 d5 15.
exd5 Nxd5 16. Be5 Rg8 17. Qd2 Rc8 18. O-O-O b4 19. Nxd5 Bxd5 20. Qd3 Qb6 21.
Bd4 Qc6 22. Kb1 Qc4 23. Qxc4 Bxc4 24. Bf6 Bg7 25. Bxg7 Rxg7 26. Rd6 g4 27. Rhd1
gxf3 28. gxf3 Rg2 29. Nc5 Rxc5 30. Rd8+ Ke7 31. R1d7+ Kf6 32. b3 Bd5 33. Rh8
Rgxc2 34. Rxh6+ Kg7 35. Rh3 Rc1+ 36. Kb2 R5c2# 0-1

[Event "DEM U12 2012"]
[Site "Oberhof GER"]
[Date "2012.05.27"]
[Round "2"]
[White "Sauer, Annika"]
[Black "Torgashov, Katerina"]
[Result "1-0"]
[Termination "normal"]
[Board "34"]
[WhiteElo "1501"]
[BlackElo "1222"]
[PlyCount "67"]
[WhiteFideId "12952052"]
[BlackFideId "12938173"]
[EventCountry "GER"]
[EventRounds "11"]
[EventType "swiss"]
[EventDate "2012.05.26"]

1. d4 d5 2. Nf3 Nc6 3. e3 Bf5 4. a3 e6 5. Nbd2 Bd6 6. b3 Nge7 7. Bb2 O-O 8. Be2
Ng6 9. c4 Nh4 10. O-O Qf6 11. Re1 Bh3 12. g3 Qg6 13. Nxh4 Qf6 14. Ndf3 g5 15.
Ng2 Qf5 16. Bd3 Qf6 17. Nd2 Qh6 18. e4 dxe4 19. Nxe4 f5 20. Nxd6 cxd6 21. Qe2
Nd8 22. Bc1 f4 23. gxf4 gxf4 24. Qf3 Rf7 25. Bxf4 Qg7 26. Qxh3 Rxf4 27. Be4 Rf6
28. d5 Kh8 29. Kf1 Qf7 30. Re2 b6 31. dxe6 Nxe6 32. Bxa8 Rg6 33. Bd5 Rxg2 34.
Qxg2 1-0